Southville International School and Colleges
Your cart is empty.
  • Cart
  • Lists
    Public lists Eva Luna New books Lux_list list_1
    Your lists Log in to create your own lists
  • Log in to your account
  • Your cookies
  • Search history
Southville International School and Colleges
  • Advanced search
  • Recent comments
  • Most popular
  • Libraries

Log in to your account

Log in with GOOGLE


If you do not have an external account, but do have a local account, you can still log in:

  1. Home
  2. MARC view: American foreign policy /
Normal view MARC view ISBD view

American foreign policy / (Record no. 8905)

[ view plain ]
MARC details
000 -LEADER
fixed length control field 00792cam a2200277 i 4500
001 - CONTROL NUMBER
control field 1306824
003 - CONTROL NUMBER IDENTIFIER
control field OSt
005 - DATE AND TIME OF LATEST TRANSACTION
control field 20140310182047.0
008 - FIXED-LENGTH DATA ELEMENTS--GENERAL INFORMATION
fixed length control field 770825s1977 nyu 001 0 eng
010 ## - LIBRARY OF CONGRESS CONTROL NUMBER
LC control number 77151754
020 ## - INTERNATIONAL STANDARD BOOK NUMBER
International Standard Book Number 0393056341 :
Terms of availability $9.95.
International Standard Book Number 0393056414
Terms of availability $4.95
040 ## - CATALOGING SOURCE
Original cataloging agency DLC
Transcribing agency DLC
Modifying agency DLC
043 ## - GEOGRAPHIC AREA CODE
Geographic area code n-us---
050 00 - LIBRARY OF CONGRESS CALL NUMBER
Classification number E 840
Item number .K61 1977
082 00 - DEWEY DECIMAL CLASSIFICATION NUMBER
Classification number HS 273.73
Item number K64 1977
100 1# - MAIN ENTRY--PERSONAL NAME
Personal name Kissinger, Henry
Dates associated with a name 1923-
9 (RLIN) 11769
245 10 - TITLE STATEMENT
Title American foreign policy /
Statement of responsibility, etc Henry A. Kissinger.
250 ## - EDITION STATEMENT
Edition statement 3d ed.
260 ## - PUBLICATION, DISTRIBUTION, ETC. (IMPRINT)
Place of publication, distribution, etc New York :
Name of publisher, distributor, etc Norton,
Date of publication, distribution, etc c1977.
300 ## - PHYSICAL DESCRIPTION
Extent 445 p. :
Dimensions 21 cm.
500 ## - GENERAL NOTE
General note Includes index.
651 #0 - SUBJECT ADDED ENTRY--GEOGRAPHIC NAME
Geographic name United States
General subdivision Foreign relations
Chronological subdivision 1945-1989.
9 (RLIN) 11770
906 ## - LOCAL DATA ELEMENT F, LDF (RLIN)
a 7
b cbc
c orignew
d 2
e ncip
f 19
g y-gencatlg
942 ## - ADDED ENTRY ELEMENTS (KOHA)
Source of classification or shelving scheme Library of Congress Classification
Koha item type
Holdings
Withdrawn status Lost status Source of classification or shelving scheme Damaged status Home library Current library Shelving location Date acquired Total Checkouts Full call number Barcode Date last seen Copy number Price effective from Koha item type
    Library of Congress Classification   Luxembourg Library Luxembourg Library High School Section 08/17/2013   E 840 .K61 1977 2540 08/17/2013 1 08/17/2013 Books

American foreign policy /

APA

Kissinger H., . (1977). American foreign policy. New York: Norton.

Chicago

Kissinger Henry, . 1977. American foreign policy. New York: Norton.

Harvard

Kissinger H., . (1977). American foreign policy. New York: Norton.

MLA

Kissinger Henry, . American foreign policy. New York: Norton. 1977.

  • Place hold
  • Print
  • Cite
  • Add to your cart (remove)
  • Save record
    BIBTEX Dublin Core MARCXML MARC (non-Unicode/MARC-8) MARC (Unicode/UTF-8) MARC (Unicode/UTF-8, Standard) MODS (XML) RIS
  • More searches
    Search for this title in:
    Other Libraries (WorldCat) Other Databases (Google Scholar) Online Stores (Bookfinder.com) Open Library (openlibrary.org)

Exporting to Dublin Core...

SOUTHVILLE LIBRARY

Southville International School and Colleges Library

1281 Tropical Ave. Cor. Luxembourg St., BF Homes International, Las Pinas City

Tel. No. 8256374 / 252358 Loc. 117/146

Powered by Koha